[Event "Deutsche Ländermeisterschaft 2003"]
[Site "Kassel GER"]
[Date "2003.10.23"]
[Round "7"]
[White "Knickel, Aaron"]
[Black "Völbel, Patrick"]
[Result "1/2-1/2"]
[Termination "normal"]
[Board "4.4"]
[WhiteElo "1765"]
[BlackElo "1779"]
[WhiteTeam "Hessen 3"]
[BlackTeam "Rheinland-Pfalz"]
[PlyCount "46"]
[WhiteFideId "24605298"]
[BlackFideId "24622583"]
[EventCountry "GER"]
[EventRounds "7"]
[EventType "team-swiss"]
[EventDate "2003.10.18"]

1. e4 c5 2. Nf3 e6 3. d4 cxd4 4. Nxd4 a6 5. Bd3 Qc7 6. c4 Nf6 7. Nc3 Be7 8. O-O
O-O 9. Be3 d6 10. f3 b6 11. Rc1 Bb7 12. Qd2 Nbd7 13. b3 Rac8 14. Rfd1 Qb8 15.
Qf2 Rfe8 16. Qg3 Kh8 17. Bg5 h6 18. Be3 Bd8 19. Bd2 Bc7 20. Qh3 Ne5 21. Bb1 Ng6
22. g3 Qa8 23. Re1 Rcd8 1/2-1/2

[Event "Deutsche Ländermeisterschaft 2003"]
[Site "Kassel GER"]
[Date "2003.10.23"]
[Round "7"]
[White "Hauck, Kerstin"]
[Black "Schäfer, Paul"]
[Result "1-0"]
[Termination "normal"]
[Board "4.5"]
[WhiteElo "1738"]
[BlackElo "1382"]
[WhiteTeam "Rheinland-Pfalz"]
[BlackTeam "Hessen 3"]
[PlyCount "47"]
[BlackFideId "24605360"]
[EventCountry "GER"]
[EventRounds "7"]
[EventType "team-swiss"]
[EventDate "2003.10.18"]

1. Nf3 d5 2. c4 dxc4 3. Qa4+ Nc6 4. Nc3 Bf5 5. Ne5 Qd6 6. Nxc4 Qb4 7. Qb5 Qxb5
8. Nxb5 O-O-O 9. d3 a6 10. Nc3 Nf6 11. Bf4 h6 12. g3 Nh5 13. Bd2 g5 14. Bg2 Bd7
15. O-O f5 16. a4 g4 17. Rfb1 Nf6 18. b4 Nd4 19. b5 axb5 20. axb5 Be6 21. Ra8+
Kd7 22. Ne5+ Ke8 23. Rba1 Nd7 24. Rxd8+ 1-0

[Event "Deutsche Ländermeisterschaft 2003"]
[Site "Kassel GER"]
[Date "2003.10.23"]
[Round "7"]
[White "Popovic, Nathalie"]
[Black "Wortmann, Jonas"]
[Result "1/2-1/2"]
[Termination "normal"]
[Board "4.6"]
[WhiteElo "1409"]
[BlackElo "1734"]
[WhiteTeam "Hessen 3"]
[BlackTeam "Rheinland-Pfalz"]
[PlyCount "92"]
[WhiteFideId "24630292"]
[BlackFideId "24628069"]
[EventCountry "GER"]
[EventRounds "7"]
[EventType "team-swiss"]
[EventDate "2003.10.18"]

1. d4 Nf6 2. c4 e6 3. Nc3 Bb4 4. Qc2 O-O 5. a3 Bxc3+ 6. Qxc3 d6 7. Nf3 b6 8. e3
Bb7 9. Be2 Ne4 10. Qc2 f5 11. O-O Rf6 12. b4 Rg6 13. Bb2 Ng5 14. Qd1 Nd7 15.
Nxg5 Qxg5 16. Bf3 Be4 17. Bxe4 fxe4 18. g3 Nf6 19. Rc1 Ng4 20. Qc2 Qh6 21. f4
Nxe3 22. Qxe4 Rf8 23. Qxe3 Rf5 24. a4 Rh5 25. Rc2 Rh3 26. Rg2 Rg4 27. Qf3 Rg6
28. d5 Rh5 29. dxe6 Rxe6 30. Re2 Rxe2 31. Qxe2 Rf5 32. Qd3 Qe6 33. Kg2 Rh5 34.
Kg1 Rf5 35. Kg2 Rh5 36. Kg1 Rf5 37. Qc3 Rf7 38. Re1 Qd7 39. Qc2 h6 40. Rd1 c5
41. b5 d5 42. Rd2 d4 43. Rf2 Re7 44. f5 Re1+ 45. Kg2 Qb7+ 46. Kh3 Qe7 1/2-1/2

[Event "Deutsche Ländermeisterschaft 2003"]
[Site "Kassel GER"]
[Date "2003.10.23"]
[Round "7"]
[White "Klassen, Olga"]
[Black "Wetzel, Carmen"]
[Result "1/2-1/2"]
[Termination "normal"]
[Board "4.7"]
[WhiteElo "1563"]
[BlackElo "1409"]
[WhiteTeam "Rheinland-Pfalz"]
[BlackTeam "Hessen 3"]
[PlyCount "99"]
[EventCountry "GER"]
[EventRounds "7"]
[EventType "team-swiss"]
[EventDate "2003.10.18"]

1. c4 e5 2. Nc3 Nc6 3. g3 f5 4. d3 Nf6 5. Bg2 Bb4 6. e3 O-O 7. Nge2 d6 8. a3
Bxc3+ 9. Nxc3 Be6 10. O-O g5 11. f4 h6 12. fxg5 hxg5 13. b3 Ne7 14. Bxb7 Rb8
15. Bg2 Ng6 16. d4 Kg7 17. Bh3 g4 18. Bg2 Rh8 19. d5 Qd7 20. e4 Ne7 21. exf5
Bxf5 22. Rf2 Qe8 23. Qf1 Qh5 24. Bh1 Rxb3 25. Nb5 Rxg3+ 26. Rg2 Qxh2+ 27. Kf2
Rf3+ 28. Ke2 Rxf1 29. Rxh2 Rxh1 30. Bh6+ Rxh6 31. Raxh1 Rxh2+ 32. Rxh2 a5 33.
Nxc7 Ne4 34. Ke3 Kg6 35. Ne6 Ng5 36. Nxg5 Kxg5 37. Rd2 Nc8 38. c5 dxc5 39. d6
Nb6 40. Re2 Nc4+ 41. Kf2 Nxd6 42. Rxe5 c4 43. Rxa5 c3 44. Ra6 c2 45. Rc6 Kf4
46. a4 g3+ 47. Kg1 Ke3 48. a5 g2 49. Rc3+ Kd2 50. Rxc2+ 1/2-1/2

[Event "Deutsche Ländermeisterschaft 2003"]
[Site "Kassel GER"]
[Date "2003.10.23"]
[Round "7"]
[White "Schmucklermann, Alexandra"]
[Black "Becher, Anne"]
[Result "0-1"]
[Termination "normal"]
[Board "4.8"]
[WhiteElo "846"]
[BlackElo "1355"]
[WhiteTeam "Hessen 3"]
[BlackTeam "Rheinland-Pfalz"]
[PlyCount "124"]
[EventCountry "GER"]
[EventRounds "7"]
[EventType "team-swiss"]
[EventDate "2003.10.18"]

1. e4 c5 2. Nf3 Nc6 3. Bb5 d6 4. d3 Bd7 5. Nc3 a6 6. Ba4 Nf6 7. O-O g6 8. Bg5
Bg7 9. Qd2 O-O 10. Bh6 b5 11. Bb3 b4 12. Nd5 e6 13. Nxf6+ Qxf6 14. Bxg7 Qxg7
15. Rab1 a5 16. a4 Rad8 17. Qf4 Bc8 18. Rfe1 e5 19. Qh4 Be6 20. Bxe6 fxe6 21.
Ng5 Rf4 22. Qh3 Rdf8 23. Nxe6 Qf7 24. Nxf4 Qxf4 25. f3 Qg5 26. Qe6+ Kh8 27.
Qxd6 Qf6 28. Qxf6+ Rxf6 29. c3 Rd6 30. Red1 Kg7 31. b3 bxc3 32. Rbc1 Nd4 33.
Kf2 c2 34. Re1 Rb6 35. Ke3 Rxb3 36. Kd2 Ra3 37. Rxc2 Nxc2 38. Kxc2 Rxa4 39. Kb2
Kf7 40. Ra1 Rb4+ 41. Kc3 a4 42. h4 Ke6 43. g4 h5 44. gxh5 gxh5 45. Kc2 Kd6 46.
Kc3 Kc6 47. Kc2 Kb5 48. Rb1 a3 49. Rb3 Ka4 50. Rxb4+ cxb4 51. Kb1 b3 52. Ka1
Kb4 53. Kb1 Kc3 54. Ka1 Kxd3 55. Kb1 Ke3 56. Kc1 Kxf3 57. Kb1 Kxe4 58. Kc1 Kd3
59. Kb1 e4 60. Kc1 e3 61. Kd1 a2 62. Kc1 a1=Q# 0-1

[Event "Deutsche Ländermeisterschaft 2003"]
[Site "Kassel GER"]
[Date "2003.10.23"]
[Round "7"]
[White "Leisner, Hannes"]
[Black "Ortmann, David"]
[Result "0-1"]
[Termination "normal"]
[Board "5.1"]
[WhiteElo "1994"]
[BlackElo "2280"]
[WhiteTeam "Mecklenburg-Vorpommern"]
[BlackTeam "Württemberg"]
[PlyCount "78"]
[WhiteFideId "4692705"]
[BlackFideId "4651588"]
[EventCountry "GER"]
[EventRounds "7"]
[EventType "team-swiss"]
[EventDate "2003.10.18"]

1. e4 e6 2. d4 d5 3. Nd2 Be7 4. Ngf3 Nf6 5. e5 Nfd7 6. Bd3 c5 7. c3 Nc6 8. Bb1
a5 9. Nf1 cxd4 10. cxd4 Qb6 11. Ng3 Bb4+ 12. Kf1 f6 13. exf6 Nxf6 14. Bg5 Be7
15. Qd2 O-O 16. h4 Qb4 17. Qd1 Qxb2 18. Bd3 Nb4 19. Rb1 Qxa2 20. Ra1 Qb2 21.
Rb1 Qc3 22. Rb3 Qc7 23. Bxf6 Bxf6 24. Nh5 Nxd3 25. Rxd3 Bd7 26. Kg1 Rac8 27.
Qe2 Qd6 28. Rd1 b5 29. g4 b4 30. g5 Be7 31. Ne5 Be8 32. Qg4 Rc2 33. Nf4 b3 34.
Ned3 a4 35. g6 h6 36. Ne5 b2 37. Nxe6 Bd7 38. Nf7 Qxe6 39. Qh5 Qg4+ 0-1

[Event "Deutsche Ländermeisterschaft 2003"]
[Site "Kassel GER"]
[Date "2003.10.23"]
[Round "7"]
[White "Mijatovic, Vladimir"]
[Black "Zentgraf, Robert"]
[Result "1/2-1/2"]
[Termination "normal"]
[Board "5.2"]
[WhiteElo "2126"]
[BlackElo "2083"]
[WhiteTeam "Württemberg"]
[BlackTeam "Mecklenburg-Vorpommern"]
[PlyCount "68"]
[WhiteFideId "934062"]
[BlackFideId "4676483"]
[EventCountry "GER"]
[EventRounds "7"]
[EventType "team-swiss"]
[EventDate "2003.10.18"]

1. e4 c5 2. Nf3 d6 3. d4 cxd4 4. Nxd4 Nf6 5. Nc3 g6 6. Be3 Bg7 7. f3 O-O 8. Qd2
Nc6 9. Bc4 Bd7 10. h4 Rc8 11. Bb3 Ne5 12. O-O-O Nc4 13. Bxc4 Rxc4 14. h5 Nxh5
15. g4 Nf6 16. Bh6 Nxe4 17. Nxe4 Rxd4 18. Qh2 Be5 19. f4 Rxd1+ 20. Rxd1 Bxb2+
21. Kxb2 Qb6+ 22. Ka1 Rc8 23. Bg5 Qe3 24. Nf6+ exf6 25. Bxf6 Qf3 26. Rd3 Qxg4
27. Qh6 Qg1+ 28. Kb2 Qb6+ 29. Rb3 Rxc2+ 30. Kxc2 Bf5+ 31. Kb2 Qf2+ 32. Ka3 Qc5+
33. Rb4 Qc1+ 34. Bb2 Qe3+ 1/2-1/2

[Event "Deutsche Ländermeisterschaft 2003"]
[Site "Kassel GER"]
[Date "2003.10.23"]
[Round "7"]
[White "Janotta, Steffi"]
[Black "Stuhl, Alexander"]
[Result "0-1"]
[Termination "normal"]
[Board "5.3"]
[WhiteElo "1766"]
[BlackElo "2029"]
[WhiteTeam "Mecklenburg-Vorpommern"]
[BlackTeam "Württemberg"]
[PlyCount "54"]
[WhiteFideId "4696344"]
[BlackFideId "24601373"]
[EventCountry "GER"]
[EventRounds "7"]
[EventType "team-swiss"]
[EventDate "2003.10.18"]

1. e4 c5 2. Nf3 e6 3. d4 cxd4 4. Nxd4 a6 5. Bd3 Nf6 6. c4 d6 7. Nc3 b6 8. O-O
Bb7 9. Be3 Nbd7 10. Rc1 g6 11. Qe2 Bg7 12. Rfd1 O-O 13. f3 Qc7 14. Qf2 Rfd8 15.
Rc2 Rac8 16. Rcd2 Ne5 17. Nxe6 fxe6 18. Bxb6 Qc6 19. Bxd8 Rxd8 20. Ne2 Nfg4 21.
fxg4 Nxg4 22. Qh4 Qb6+ 23. Nd4 Bxd4+ 24. Kf1 Rf8+ 25. Ke2 Rf2+ 26. Ke1 Rf4 27.
Qh3 Bc3 0-1

[Event "Deutsche Ländermeisterschaft 2003"]
[Site "Kassel GER"]
[Date "2003.10.23"]
[Round "7"]
[White "Häcker, Sonja"]
[Black "Rittemann, Steffen"]
[Result "0-1"]
[Termination "normal"]
[Board "5.4"]
[WhiteElo "2028"]
[BlackElo "1588"]
[WhiteTeam "Württemberg"]
[BlackTeam "Mecklenburg-Vorpommern"]
[PlyCount "120"]
[WhiteFideId "4680928"]
[BlackFideId "24620009"]
[EventCountry "GER"]
[EventRounds "7"]
[EventType "team-swiss"]
[EventDate "2003.10.18"]

1. e4 d6 2. Nc3 Nf6 3. f4 g6 4. Nf3 Bg7 5. g3 c5 6. Bg2 Nc6 7. d3 Bd7 8. O-O
O-O 9. h3 Rb8 10. g4 Nd4 11. f5 Nxf3+ 12. Qxf3 Bc6 13. Qf2 Nd7 14. Qh4 e6 15.
Bg5 Bf6 16. Bxf6 Qxf6 17. Qg3 Qd4+ 18. Kh1 b5 19. Ne2 Qe5 20. Qh4 Qxb2 21. f6
Kh8 22. Ng1 Ne5 23. Qh6 Rg8 24. g5 Qxc2 25. Rf4 Nd7 26. h4 c4 27. d4 Nf8 28. h5
b4 29. d5 e5 30. Rh4 b3 31. axb3 cxb3 32. dxc6 b2 33. Rxa7 Qc4 34. c7 Rc8 35.
Rb7 Qc1 36. Rxb2 Qxb2 37. Kh2 Rxc7 38. Nf3 Rc2 39. Rg4 Ne6 40. Ne1 Rd2 41. Rh4
Nxg5 42. Rg4 Ne6 43. hxg6 Rxg6 44. Rxg6 fxg6 45. Qh3 Qa2 46. Qg4 Nf4 47. Qc8+
Qg8 48. Qc3 Re2 49. Kh1 Nxg2 50. Nxg2 Rf2 51. Ne3 Rxf6 52. Nd5 Rf1+ 53. Kg2 Qf8
54. Qe3 Qf7 55. Qe2 Ra1 56. Nc3 Qf4 57. Nd5 Qg5+ 58. Kh2 Qg1+ 59. Kh3 Ra3+ 60.
Kh4 Qg3# 0-1

[Event "Deutsche Ländermeisterschaft 2003"]
[Site "Kassel GER"]
[Date "2003.10.23"]
[Round "7"]
[White "Stemmler, Lysan"]
[Black "Plenca, Julijan"]
[Result "0-1"]
[Termination "normal"]
[Board "5.5"]
[WhiteElo "1686"]
[BlackElo "2059"]
[WhiteTeam "Mecklenburg-Vorpommern"]
[BlackTeam "Württemberg"]
[PlyCount "102"]
[WhiteFideId "24622451"]
[BlackFideId "14508044"]
[EventCountry "GER"]
[EventRounds "7"]
[EventType "team-swiss"]
[EventDate "2003.10.18"]

1. e4 c5 2. c3 e6 3. d4 d5 4. exd5 exd5 5. Nf3 Nc6 6. Be2 Bd6 7. O-O Nge7 8.
Be3 cxd4 9. Bxd4 O-O 10. Bd3 Ng6 11. Re1 Bg4 12. h3 Bxf3 13. Qxf3 Nxd4 14. cxd4
Qb6 15. Nd2 Qxd4 16. Nb3 Qf4 17. Qxf4 Nxf4 18. Bf1 Ne6 19. Rad1 Rfd8 20. g3 Bb4
21. Re5 Nc7 22. Bg2 Rd7 23. a3 Be7 24. Re2 Bg5 25. f4 Be7 26. Na5 Bc5+ 27. Kf1
Bb6 28. Nb3 Rad8 29. Red2 g6 30. a4 a6 31. a5 Ba7 32. Nd4 Bxd4 33. Rxd4 Kg7 34.
Kf2 Kf6 35. Rb4 Nb5 36. Bf1 Nd6 37. Rb6 Kg7 38. Kf3 Nf5 39. Rd3 Rc8 40. Rd2 Rc5
41. g4 Ne7 42. Bd3 Rxa5 43. f5 Nc6 44. Kf4 Ra4+ 45. Kg5 f6+ 46. Kh4 Ne5 47. Be2
gxf5 48. b4 f4 49. g5 f5 50. Rf6 Ng6+ 51. Kh5 Rxb4 0-1

[Event "Deutsche Ländermeisterschaft 2003"]
[Site "Kassel GER"]
[Date "2003.10.23"]
[Round "7"]
[White "Zikeli, Saskia"]
[Black "Friedrich, Paul-Robert"]
[Result "0-1"]
[Termination "normal"]
[Board "5.6"]
[WhiteElo "1867"]
[BlackElo "1580"]
[WhiteTeam "Württemberg"]
[BlackTeam "Mecklenburg-Vorpommern"]
[PlyCount "70"]
[WhiteFideId "24601543"]
[BlackFideId "24616036"]
[EventCountry "GER"]
[EventRounds "7"]
[EventType "team-swiss"]
[EventDate "2003.10.18"]

1. e4 e6 2. d4 d5 3. e5 c5 4. c3 Nc6 5. Nf3 Qb6 6. a3 cxd4 7. cxd4 Nge7 8. b4
Nf5 9. Be3 Bd7 10. Nc3 Nxe3 11. fxe3 Nxb4 12. axb4 Bxb4 13. Rc1 Rc8 14. Qb3 Qa5
15. Kd2 Ke7 16. Bd3 Rc7 17. Ng1 Ba4 18. Qb2 Bb5 19. Nge2 Bxd3 20. Kxd3 Qa6+ 21.
Kd2 Qb5 22. Rb1 a5 23. Rhc1 Rhc8 24. Kd1 Qd3+ 25. Qd2 Qg6 26. Nf4 Qh6 27. Nfe2
Qxh2 28. Qb2 Qxg2 29. Rc2 Qf3 30. Kd2 h5 31. Rbc1 h4 32. Ng1 Qf2+ 33. Kd3 Rxc3+
34. Rxc3 Qxb2 35. Rxc8 Qd2# 0-1

[Event "Deutsche Ländermeisterschaft 2003"]
[Site "Kassel GER"]
[Date "2003.10.23"]
[Round "7"]
[White "Krause, Friederike"]
[Black "Sörös, Martin-Wolfgang"]
[Result "0-1"]
[Termination "normal"]
[Board "5.7"]
[WhiteElo "923"]
[BlackElo "1656"]
[WhiteTeam "Mecklenburg-Vorpommern"]
[BlackTeam "Württemberg"]
[PlyCount "64"]
[EventCountry "GER"]
[EventRounds "7"]
[EventType "team-swiss"]
[EventDate "2003.10.18"]

1. e4 c5 2. c3 d5 3. exd5 Qxd5 4. d4 cxd4 5. cxd4 Nc6 6. Nf3 Bg4 7. Be2 e6 8.
Be3 Nf6 9. O-O Bd6 10. h3 Bh5 11. Nc3 Qa5 12. a3 O-O 13. b4 Qd8 14. Rc1 Rc8 15.
Qd3 Bg6 16. Qb5 Qd7 17. Rfd1 a6 18. Qb6 Bc7 19. Qc5 Rfd8 20. Na4 Ne4 21. Qc4 b5
22. Qxc6 Bh2+ 23. Nxh2 Rxc6 24. Nb2 Rdc8 25. Bf3 Rxc1 26. Bxc1 Rc2 27. Bxe4
Bxe4 28. f3 Bg6 29. Ng4 Qc7 30. Ne3 Rxc1 31. Rxc1 Qxc1+ 32. Kh2 Qxb2 0-1

[Event "Deutsche Ländermeisterschaft 2003"]
[Site "Kassel GER"]
[Date "2003.10.23"]
[Round "7"]
[White "Zikeli, Julia"]
[Black "Anton, Florian"]
[Result "1-0"]
[Termination "normal"]
[Board "5.8"]
[WhiteElo "1466"]
[BlackElo "890"]
[WhiteTeam "Württemberg"]
[BlackTeam "Mecklenburg-Vorpommern"]
[PlyCount "93"]
[WhiteFideId "24622753"]
[EventCountry "GER"]
[EventRounds "7"]
[EventType "team-swiss"]
[EventDate "2003.10.18"]

1. e4 e5 2. Nf3 Nf6 3. Nxe5 Qe7 4. Nf3 Nxe4 5. Be2 Nc6 6. O-O Qc5 7. d4 Qf5 8.
Bd3 d5 9. c4 dxc4 10. Bxe4 Qb5 11. Nc3 Qh5 12. Re1 Be6 13. Qa4 Bd6 14. d5 O-O
15. dxe6 fxe6 16. h3 Ne5 17. Nxe5 Bxe5 18. Qxc4 Rae8 19. Qe2 Qxe2 20. Rxe2 Bd4
21. Be3 e5 22. Rae1 c6 23. Bxd4 exd4 24. Bxh7+ Kf7 25. Rxe8 Rxe8 26. Rxe8 Kxe8
27. Ne2 Kf7 28. Be4 c5 29. Bxb7 d3 30. Nc3 Ke6 31. Kf1 Ke5 32. Ke1 Kd4 33. Kd2
c4 34. Nb5+ Kc5 35. Nc3 Kb4 36. g4 a5 37. h4 a4 38. h5 a3 39. bxa3+ Kxa3 40. g5
Kb2 41. h6 gxh6 42. gxh6 Ka1 43. h7 Kb2 44. h8=Q Ka1 45. Na4+ c3+ 46. Qxc3+
Kxa2 47. Qb2# 1-0

[Event "Deutsche Ländermeisterschaft 2003"]
[Site "Kassel GER"]
[Date "2003.10.23"]
[Round "7"]
[White "Döhn, Raphael"]
[Black "Langrock, Hannes"]
[Result "0-1"]
[Termination "normal"]
[Board "6.1"]
[WhiteElo "2101"]
[BlackElo "2336"]
[WhiteTeam "Sachsen"]
[BlackTeam "Hamburg"]
[PlyCount "46"]
[WhiteFideId "4695291"]
[BlackFideId "4655290"]
[EventCountry "GER"]
[EventRounds "7"]
[EventType "team-swiss"]
[EventDate "2003.10.18"]

1. e4 e6 2. d4 d5 3. Nc3 Bb4 4. a3 Bxc3+ 5. bxc3 dxe4 6. f3 e5 7. Be2 Nf6 8.
Bg5 exd4 9. cxd4 Nc6 10. c3 h6 11. Bf4 Nd5 12. Qd2 Qe7 13. Kf2 Bf5 14. g3 Na5
15. Qb2 O-O-O 16. Qb5 Nc6 17. Bc4 e3+ 18. Kg2 a6 19. Qb2 g5 20. Bxd5 Rxd5 21.
c4 Rdd8 22. g4 gxf4 23. gxf5 Nxd4 0-1

[Event "Deutsche Ländermeisterschaft 2003"]
[Site "Kassel GER"]
[Date "2003.10.23"]
[Round "7"]
[White "Buchheister, Benjamin"]
[Black "Kürsten, Rüdiger"]
[Result "1-0"]
[Termination "normal"]
[Board "6.2"]
[WhiteElo "1881"]
[BlackElo "1989"]
[WhiteTeam "Hamburg"]
[BlackTeam "Sachsen"]
[PlyCount "135"]
[WhiteFideId "24601934"]
[BlackFideId "24605816"]
[EventCountry "GER"]
[EventRounds "7"]
[EventType "team-swiss"]
[EventDate "2003.10.18"]

1. e4 e6 2. d4 d5 3. Nc3 dxe4 4. Nxe4 Be7 5. Nf3 Nf6 6. Bd3 Nbd7 7. Qe2 c5 8.
O-O O-O 9. Rd1 cxd4 10. Nxd4 a6 11. Nf3 Qc7 12. Bg5 Re8 13. c3 Nxe4 14. Qxe4
Nf8 15. Qh4 Bxg5 16. Nxg5 h6 17. Ne4 Bd7 18. Ng3 Bc6 19. Nh5 Qe7 20. Qxe7 Rxe7
21. Be2 e5 22. Rd2 Ne6 23. a4 Nc5 24. Bd1 g6 25. Nf6+ Kg7 26. Ng4 f5 27. Ne3
Ne4 28. Rd3 Ng5 29. Nc4 f4 30. Bb3 e4 31. Rd6 e3 32. fxe3 Ne4 33. Rd4 fxe3 34.
Bc2 Nc5 35. Re1 Rae8 36. b3 Be4 37. Rxe4 Nxe4 38. Bxe4 b5 39. axb5 axb5 40. Bc6
bxc4 41. Bxe8 Rxe8 42. bxc4 Kf6 43. Kf1 Kf5 44. Ke2 Ke4 45. Rd1 h5 46. Rd4+ Kf5
47. c5 Re6 48. Rc4 Rc6 49. Kxe3 Ke5 50. Kd3 g5 51. Kc2 Rc8 52. Kb3 Rb8+ 53. Rb4
Rc8 54. Kc4 Ke4 55. c6 Ke3 56. Kc5 Kf2 57. Rb2+ Kg1 58. h3 g4 59. Kd6 g3 60. c7
Rf8 61. Rb1+ Kxg2 62. Kd7 Rf7+ 63. Kc6 Rf3 64. c4 Rc3 65. c5 Kf2 66. c8=Q g2
67. Qf5+ Rf3 68. Rb2+ 1-0

[Event "Deutsche Ländermeisterschaft 2003"]
[Site "Kassel GER"]
[Date "2003.10.23"]
[Round "7"]
[White "Beltz, Franziska"]
[Black "Zollondz, Mark"]
[Result "1-0"]
[Termination "normal"]
[Board "6.3"]
[WhiteElo "1987"]
[BlackElo "1968"]
[WhiteTeam "Sachsen"]
[BlackTeam "Hamburg"]
[PlyCount "75"]
[WhiteFideId "4681401"]
[EventCountry "GER"]
[EventRounds "7"]
[EventType "team-swiss"]
[EventDate "2003.10.18"]

1. e4 Nf6 2. e5 Ng8 3. d4 d5 4. Bd3 c5 5. dxc5 Nc6 6. f4 Nh6 7. c3 Bf5 8. Nf3
e6 9. Be3 Ng4 10. Bg1 Bxd3 11. Qxd3 Be7 12. Na3 a6 13. Nc2 O-O 14. Nfd4 Rc8 15.
b4 Qd7 16. Qh3 Nh6 17. Be3 Rce8 18. O-O Nf5 19. Nxf5 exf5 20. Rad1 Qe6 21. Kh1
g6 22. Bf2 Rd8 23. a3 Rd7 24. Rd3 Rfd8 25. Re1 d4 26. cxd4 Qa2 27. Rd2 Nxd4 28.
Bxd4 Rxd4 29. Rxd4 Qxc2 30. Rxd8+ Bxd8 31. Qe3 a5 32. Qe2 Qb3 33. Rd1 Be7 34.
Qd3 Qa4 35. Qd7 Qb3 36. e6 Qxe6 37. Qe8+ Kg7 38. Rd7 1-0

[Event "Deutsche Ländermeisterschaft 2003"]
[Site "Kassel GER"]
[Date "2003.10.23"]
[Round "7"]
[White "Schmidt, Armin"]
[Black "Hartmann, Tom"]
[Result "0-1"]
[Termination "normal"]
[Board "6.4"]
[WhiteElo "1803"]
[BlackElo "2008"]
[WhiteTeam "Hamburg"]
[BlackTeam "Sachsen"]
[PlyCount "62"]
[WhiteFideId "24610160"]
[BlackFideId "4695399"]
[EventCountry "GER"]
[EventRounds "7"]
[EventType "team-swiss"]
[EventDate "2003.10.18"]

1. e4 e5 2. Nf3 Nc6 3. Bc4 Nf6 4. d4 exd4 5. e5 d5 6. Bb5 Ne4 7. O-O Bc5 8.
Nxd4 Bd7 9. Bxc6 bxc6 10. f3 Ng5 11. f4 Ne4 12. Be3 O-O 13. Nd2 Nxd2 14. Qxd2
Bb6 15. c3 Qe7 16. Rae1 c5 17. Nc2 c6 18. f5 Qd8 19. f6 Re8 20. Bh6 g6 21. Qf2
Bf5 22. Qf3 Bxc2 23. e6 Be4 24. Qg4 Qc8 25. exf7+ Kxf7 26. Qg5 c4+ 27. Kh1 Qd7
28. Bg7 h5 29. Qh6 Bxg2+ 30. Kxg2 Qg4+ 31. Kh1 Rxe1 0-1

[Event "Deutsche Ländermeisterschaft 2003"]
[Site "Kassel GER"]
[Date "2003.10.23"]
[Round "7"]
[White "Beltz, Carmen"]
[Black "Rohlfs, Ricarda"]
[Result "1-0"]
[Termination "normal"]
[Board "6.5"]
[WhiteElo "1752"]
[BlackElo "1671"]
[WhiteTeam "Sachsen"]
[BlackTeam "Hamburg"]
[PlyCount "43"]
[WhiteFideId "24608726"]
[EventCountry "GER"]
[EventRounds "7"]
[EventType "team-swiss"]
[EventDate "2003.10.18"]

1. e4 c5 2. Nf3 Nc6 3. d4 cxd4 4. Nxd4 e6 5. Nc3 a6 6. Be2 Qc7 7. O-O Nf6 8.
Kh1 Nxd4 9. Qxd4 Bc5 10. Qd3 Bd6 11. f4 Bc5 12. e5 Ng8 13. Ne4 Be7 14. Bd2 b5
15. Bc3 h5 16. Nd6+ Kf8 17. f5 Bxd6 18. exd6 Qd8 19. fxe6 dxe6 20. Qg6 f6 21.
Bxh5 Ra7 22. d7 1-0

[Event "Deutsche Ländermeisterschaft 2003"]
[Site "Kassel GER"]
[Date "2003.10.23"]
[Round "7"]
[White "Chin, Karin"]
[Black "Hänse, Felix"]
[Result "0-1"]
[Termination "normal"]
[Board "6.6"]
[WhiteElo "1762"]
[BlackElo "1735"]
[WhiteTeam "Hamburg"]
[BlackTeam "Sachsen"]
[PlyCount "74"]
[WhiteFideId "24608157"]
[EventCountry "GER"]
[EventRounds "7"]
[EventType "team-swiss"]
[EventDate "2003.10.18"]

1. e4 c5 2. Nf3 e6 3. b3 Nc6 4. Bb2 Nf6 5. e5 Nd5 6. g3 f5 7. c4 Nc7 8. Qe2 g5
9. Na3 g4 10. Ng1 Rg8 11. Nc2 d5 12. exd6 Qxd6 13. Qe3 e5 14. Ne2 Bh6 15. Qc3
Nd4 16. O-O-O b5 17. f4 gxf3 18. Nexd4 cxd4 19. Qxf3 Rb8 20. Qh5+ Kd8 21. c5
Qg6 22. Qe2 Bb7 23. Rg1 Be4 24. Nb4 Na6 25. Nxa6 Qxa6 26. a3 Qe6 27. Re1 Qxb3
28. Qd1 Qd5 29. Rxe4 Qxc5+ 30. Kb1 fxe4 31. Qb3 Rf8 32. Be2 Bxd2 33. Rd1 e3 34.
Bc1 Rc8 35. Bxb5 Bxc1 36. Bd3 Bxa3 37. Ka2 Rf2+ 0-1

[Event "Deutsche Ländermeisterschaft 2003"]
[Site "Kassel GER"]
[Date "2003.10.23"]
[Round "7"]
[White "Garny, Annica"]
[Black "Demmler, Julia"]
[Result "0-1"]
[Termination "normal"]
[Board "6.8"]
[WhiteElo "1025"]
[BlackElo "1156"]
[WhiteTeam "Hamburg"]
[BlackTeam "Sachsen"]
[PlyCount "104"]
[WhiteFideId "24600660"]
[EventCountry "GER"]
[EventRounds "7"]
[EventType "team-swiss"]
[EventDate "2003.10.18"]

1. e4 e5 2. Nf3 Nc6 3. Bc4 Bc5 4. d3 d6 5. O-O Bg4 6. h3 Be6 7. Bb3 Nf6 8. Be3
Bb6 9. Nc3 O-O 10. Bxb6 axb6 11. Nh4 Nd4 12. f4 Bxb3 13. cxb3 Nd7 14. Qg4 Nc2
15. Nf5 Qf6 16. fxe5 Nxe5 17. Nd5 Nxg4 18. Nxf6+ Nxf6 19. Rac1 Nb4 20. Rxc7
Rxa2 21. Rd1 Rb8 22. Nxd6 Rxb2 23. Rxf7 Rd8 24. e5 Rxd6 25. Rxf6 Rxf6 26. exf6
gxf6 27. d4 Rxb3 28. Kf2 Rd3 29. Rxd3 Nxd3+ 30. Ke3 Nb4 31. Kd2 Nc6 32. d5 Ne5
33. Ke3 Nd7 34. Kd4 Kf7 35. g4 Kg6 36. d6 f5 37. Kd5 fxg4 38. hxg4 Kg5 39. Ke6
Nc5+ 40. Ke7 Kxg4 41. Kd8 Kf5 42. Kc7 b5 43. Kb6 Ne6 44. Kxb5 h5 45. Kb6 h4 46.
Kxb7 h3 47. d7 h2 48. Kc8 h1=Q 49. d8=Q Nxd8 50. Kxd8 Qb7 51. Ke8 Kf6 52. Kd8
Ke6 0-1